Linkin Park albums - Statistics

General Stats
  • This quiz has been taken 596 times
  • The average score is 6 of 7
Answer Stats
Year Album % Correct
2000 Hybrid Theory
99%
2003 Meteora
99%
2007 Minutes to Midnight
91%
2017 One More Light
90%
2010 A Thousand Suns
83%
2012 Living Things
82%
2014 The Hunting Party
82%
No matching quizzes found
Score Distribution
Percent of People with Each Score
Percentile by Number Answered
Your Score History
You have not taken this quiz